00837 2200313 4500001002100000005001500021035002500036090002100061090002100082245005000103250002600153260003600179300002500215007000300240008004100243020002200284040001700306082001500323084001700338100002300355650003800378850001200416041000800428999002100436990002100457990001500478990001500493990001500508YOGYA00000000008056020190723091600 a0010-081400000080277 aDEP 006.69 DHA e aCB-D.11 2008-05410a46 tips menguasai adobe indesign /cDharna A. aCetakan pertama, 20083 aYogyakarta :bGraha Ilmu,c2008 a194 halaman ;c21 cmta131202s2008 yoia gr ind d a978-979-756-313-4 aYOPDYOGbind0 223a006.69 a006.69 DHA e0 aDharna A.epenulis 4aAdobe indesign (Program Komputer) aYOPDYOG0 aind aCB-D.11/2008-054 aCB-D.11/2008-054 a45-PD/P.08 a43-PD/P.08 a44-PD/P.08